00318nam a2200121Ia 4500008004100000041000800041100001900049245004900068260004400117300000800161365000800169999001900177231011s9999 xx 000 0 und d aeng aGross Scott T. aHow to Get What You Want from Almost Anybody bWestland Publication Ltd. Chennaic2006 a183 b122 c899323d899323